Identificación de posibles áreas generativas de ingresos económicos en la Fuerza Aérea Dominicana, que permitan incrementar su operatividad, a partir del 2012 / (Registro nro. 417)

Detalles MARC
000 -CABECERA
campo de control de longitud fija 01425nam a22002537a 4500
003 - IDENTIFICADOR DEL NÚMERO DE CONTROL
campo de control OSt
005 - FECHA Y HORA DE LA ÚLTIMA TRANSACCIÓN
campo de control 20190509200935.0
008 - DATOS DE LONGITUD FIJA--INFORMACIÓN GENERAL
campo de control de longitud fija 160316b xxu||||| |||| 00| 0 esp d
040 ## - FUENTE DE LA CATALOGACIÓN
Centro/agencia transcriptor DO-SdBHA
Centro catalogador/agencia de origen DO-SdBHA
Lengua de catalogación spa
090 ## - LOCALMENTE ASIGNADO TIPO-LC NÚMERO DE CLASIFICACIÓN (OCLC); NÚMERO DE CLASIFICACIÓN LOCAL (RLIN)
Número de clasificación (OCLC) (R) ; Numero de clasificación, CALL (RLIN) (NR) TG EGEA
Número cutter local (OCLC) ; Número de libro/Signatura topográfica íntegra, CALL (RLIN) 00366 2010
100 1# - ENTRADA PRINCIPAL--NOMBRE DE PERSONA
Nombre de persona Peña Villa, Sandro
Término indicativo de función/relación sustentante
245 10 - MENCIÓN DE TÍTULO
Título Identificación de posibles áreas generativas de ingresos económicos en la Fuerza Aérea Dominicana, que permitan incrementar su operatividad, a partir del 2012 /
Mención de responsabilidad, etc. Sandro Peña Villa; Euler E. Sierra Pérez, asesores Eddy Ceballos Guzmán, César A. Figueroa Amparo
260 ## - PUBLICACIÓN, DISTRIBUCIÓN, ETC.
Lugar de publicación, distribución, etc. Santo Domingo Este :
Nombre del editor, distribuidor, etc. INSUDE,
Fecha de publicación, distribución, etc. 2010
300 ## - DESCRIPCIÓN FÍSICA
Extensión xix, 90 páginas
502 ## - NOTA DE TESIS
Nota de tesis Trabajo de grado (Diplomado del Curso de Comando y Estado Mayor Aéreo). -- Instituto Superior para la Defensa (INSUDE). Escuela de Graduados de Estudios Aeronáuticos, 2010.
504 ## - NOTA DE BIBLIOGRAFÍA, ETC.
Nota de bibliografía, etc. Incluye referencias bibliográficas e índices
505 ## - NOTA DE CONTENIDO CON FORMATO
Nota de contenido con formato Descripción contextual de la Fuerza Aérea Dominicana. -- Análisis de Áreas Militares que generarían ingresos económicos a la Fuerza Aérea Dominicana<br/>
650 #4 - PUNTO DE ACCESO ADICIONAL DE MATERIA--TÉRMINO DE MATERIA
Término de materia o nombre geográfico como elemento de entrada Ingresos-generación -- Fuerza Aérea Dominicana
700 1# - PUNTO DE ACCESO ADICIONAL--NOMBRE DE PERSONA
Nombre de persona Sierra Pérez, Euler E.
Término indicativo de función/relación sustentante
700 1# - PUNTO DE ACCESO ADICIONAL--NOMBRE DE PERSONA
Nombre de persona Ceballos Guzmán, Eddy
Término indicativo de función/relación asesor
700 1# - PUNTO DE ACCESO ADICIONAL--NOMBRE DE PERSONA
Nombre de persona Figueroa Amparo, César A.
Término indicativo de función/relación asesor
830 ## - PUNTO DE ACCESO ADICIONAL DE SERIE-TÍTULO UNIFORME
Título uniforme INSUDE. Escuela de Graduados de Estudios Aeronáuticos. Tesis y disertaciones académicas
942 ## - ELEMENTOS DE PUNTO DE ACCESO ADICIONAL (KOHA)
Fuente del sistema de clasificación o colocación Clasificación Local
Tipo de ítem Koha Tesis
Existencias
Estado de retiro Estado de pérdida Fuente del sistema de clasificación o colocación Estado dañado No para préstamo Código de colección Localización permanente Ubicación/localización actual Fecha de adquisición Número de inventario Total de préstamos Signatura topográfica completa Código de barras Fecha visto por última vez Número de copia Precio válido a partir de Tipo de ítem Koha
    Clasificación Local   Préstamo Interno Trabajos de Grado e Investigción SIBM UNADE - Biblioteca Sede Central SIBM UNADE - Biblioteca Sede Central 03/16/2016 10-00366   TG EGEA 00366 2010 10-00366 10/06/2018 e.1 03/16/2016 Tesis
    Dewey Decimal Classification     Colección General SIBM UNADE - Biblioteca Escuela de Graduados de Comando y Estado Mayor Aéreo, FARD SIBM UNADE - Biblioteca Escuela de Graduados de Comando y Estado Mayor Aéreo, FARD 09/02/2019 2000020 IMESA   TG EGEA 00366 2010 2000020 IMESA 09/02/2019 EJ.1 09/02/2019 Tesis
© Copyright 2016. Universidad Nacional para la Defensa.Todos los derechos reservados.

 

Designed & Maintained by: https://www.sibdweb.com.do
Sistema de Información & Bibliotecas (SIBD). Contact: pbrito2005@gmail.com